[Event "LAT-ch (Women)"]
[Site "Riga"]
[Date "2019.05.01"]
[Round "3"]
[White "Kipluka, Anna Krista"]
[Black "Mieze, Natalja"]
[Result "1-0"]
[WhiteElo "1355"]
[BlackElo "1083"]
[PlyCount "101"]
[EventDate "2019.04.29"]
[EventType "swiss"]
[EventRounds "7"]
[EventCountry "LAT"]
[SourceTitle "CBM 190 Extra"]
[Source "ChessBase"]
[SourceDate "2019.07.15"]
[SourceVersion "1"]
[SourceVersionDate "2019.07.15"]
[SourceQuality "1"]

1. e4 Nf6 2. Nc3 g6 3. g3 Bg7 4. Bg2 e6 5. d3 d6 6. h3 0-0 7. Nge2 c5 8. 0-0 Nc6 9. Be3 e5 10. Qd2 Be6 11. Bh6 Nd4 12. Bxg7 Kxg7 13. Kh2 b5 14. a3 a6 15. Nd1 Nxe2 16. Qxe2 Rb8 17. Ne3 d5 18. exd5 Nxd5 19. Nxd5 Bxd5 20. Qxe5+ f6 21. Qxd5 Qxd5 22. Bxd5 a5 23. Rfe1 Kh8 24. Re7 Rbd8 25. Bf3 c4 26. dxc4 bxc4 27. Rae1 Rd2 28. R1e2 Rdd8 29. Rc7 Rfe8 30. Rxe8+ Rxe8 31. Rxc4 Kg7 32. Rc5 Rb8 33. b3 a4 34. Bd5 Rd8 35. bxa4 f5 36. a5 Rf8 37. a6 f4 38. a7 fxg3+ 39. Kxg3 h5 40. a8Q h4+ 41. Kg2 Rf5 42. Qg8+ Kh6 43. Qh8+ Kg5 44. f4+ Rxf4 45. Bf3+ Rf5 46. Qd8+ Kh6 47. Qxh4+ Rh5 48. Bxh5 Kg7 49. Bxg6 Kf8 50. Qf6+ Kg8 51. Rc8# 1-0

[Event "Erfurt op (Women)"]
[Site "Erfurt"]
[Date "2017.08.02"]
[Round "6"]
[White "Lorenz, Anouk"]
[Black "Mieze, Natalja"]
[Result "1-0"]
[WhiteElo "1287"]
[BlackElo "1173"]
[PlyCount "30"]
[EventDate "2017.07.31"]
[EventType "swiss"]
[EventRounds "9"]
[EventCountry "GER"]
[SourceTitle "CBM 179 Extra"]
[Source "ChessBase"]
[SourceDate "2017.08.23"]
[SourceVersion "1"]
[SourceVersionDate "2017.08.23"]
[SourceQuality "1"]

1. e4 c5 2. Nf3 e6 3. d4 cxd4 4. Nxd4 Bc5 5. Be3 h6 6. Nc3 a6 7. Nxe6 fxe6 8. Bxc5 h5 9. e5 b6 10. Ba3 Nc6 11. Bd6 b5 12. Bd3 Nge7 13. Qf3 Bb7 14. Qg3 Qb6 15. Qxg7 Rf8 1-0

[Event "EU-ch (Women) 18th"]
[Site "Riga"]
[Date "2017.04.22"]
[Round "11"]
[White "Maklakova, Nellija"]
[Black "Mieze, Natalja"]
[Result "1-0"]
[WhiteElo "1829"]
[BlackElo "1223"]
[PlyCount "95"]
[EventDate "2017.04.11"]
[EventType "swiss"]
[EventRounds "11"]
[EventCountry "LAT"]
[SourceTitle "EXT 2018"]
[Source "ChessBase"]
[SourceDate "2017.10.13"]
[SourceVersion "1"]
[SourceVersionDate "2017.10.13"]
[SourceQuality "1"]

1. e4 c5 2. Nf3 d6 3. d4 Nf6 4. Nc3 g6 5. Bc4 Bg7 6. Ng5 e6 7. dxc5 Nfd7 8. cxd6 0-0 9. 0-0 Nc6 10. Bxe6 Nce5 11. Bb3 Nc5 12. f4 Bg4 13. Nf3 Nxf3+ 14. gxf3 Bh3 15. Rf2 Nxb3 16. axb3 a6 17. Be3 Kh8 18. Na4 b5 19. Nc5 a5 20. Bd4 Rg8 21. e5 Be6 22. Qd2 a4 23. bxa4 bxa4 24. Rxa4 Rxa4 25. Nxa4 h5 26. Nc5 Kh7 27. b3 Qh4 28. Nxe6 fxe6 29. Be3 Qd8 30. c4 Kh8 31. c5 g5 32. fxg5 Bh6 33. h4 Rg6 34. c6 Bg7 35. f4 Qf8 36. Qe2 Qf5 37. Qxh5+ Kg8 38. d7 Qb1+ 39. Kh2 Qd3 40. Qxg6 Qxg6 41. d8Q+ Bf8 42. Bc5 Kh7 43. Qxf8 Qh5 44. Qe7+ Kg8 45. Qxe6+ Kg7 46. Qf6+ Kg8 47. g6 Qxe5 48. Qf8# 1-0

[Event "EU-ch (Women) 18th"]
[Site "Riga"]
[Date "2017.04.21"]
[Round "10"]
[White "Vainovska, Valentina"]
[Black "Mieze, Natalja"]
[Result "1-0"]
[WhiteElo "1792"]
[BlackElo "1223"]
[PlyCount "102"]
[EventDate "2017.04.11"]
[EventType "swiss"]
[EventRounds "11"]
[EventCountry "LAT"]
[SourceTitle "CBM 177 Extra"]
[Source "ChessBase"]
[SourceDate "2017.04.27"]
[SourceVersion "1"]
[SourceVersionDate "2017.04.27"]
[SourceQuality "1"]

1. Nf3 c5 2. e4 e6 3. d4 Nc6 4. d5 Nd4 5. Nxd4 cxd4 6. Qxd4 exd5 7. exd5 Nf6 8. Bc4 d6 9. Nc3 a6 10. 0-0 Be7 11. a4 0-0 12. Re1 Bf5 13. Bd3 Bxd3 14. Qxd3 Ng4 15. Qe2 Ne5 16. f4 Ng6 17. Be3 f5 18. g3 Bf6 19. Qd3 Qd7 20. Bd4 Kh8 21. a5 Ne7 22. Re2 Ng8 23. Rae1 Qf7 24. Re6 Nh6 25. Bxf6 gxf6 26. Rxd6 Qh5 27. Kg2 Ng4 28. h3 Nh6 29. Rd7 Qg6 30. d6 Nf7 31. Rxb7 Rg8 32. Ree7 Rg7 33. Ne2 h5 34. d7 Kh7 35. Re8 Nd8 36. Rb3 h4 37. Qd5 Ra7 38. Rxd8 Qh5 39. Re3 Kg6 40. Qe6 Rc7 41. c3 Rb7 42. b4 Qh7 43. Nd4 Rbxd7 44. Rxd7 Rxd7 45. Qxf5+ Kh6 46. Qxf6+ Qg6 47. Qxh4+ Kg7 48. Qg4 Rd6 49. Qxg6+ Rxg6 50. Re6 Kf7 51. Rxg6 Kxg6 1-0

[Event "EU-ch (Women) 18th"]
[Site "Riga"]
[Date "2017.04.11"]
[Round "1"]
[White "Mieze, Natalja"]
[Black "Ambartsumova, Karina"]
[Result "0-1"]
[WhiteElo "1223"]
[BlackElo "2282"]
[PlyCount "38"]
[EventDate "2017.04.11"]
[EventType "swiss"]
[EventRounds "11"]
[EventCountry "LAT"]
[SourceTitle "CBM 177 Extra"]
[Source "ChessBase"]
[SourceDate "2017.04.27"]
[SourceVersion "1"]
[SourceVersionDate "2017.04.27"]
[SourceQuality "1"]

1. c4 Nf6 2. Nc3 e5 3. e3 d5 4. cxd5 Nxd5 5. Nxd5 Qxd5 6. Nf3 Nc6 7. a3 e4 8. Be2 exf3 9. Bxf3 Qd3 10. Bxc6+ bxc6 11. h3 Bd6 12. a4 a5 13. Qf3 0-0 14. h4 Ba6 15. h5 Rad8 16. h6 Bb4 17. Qd1 Rfe8 18. hxg7 Rxe3+ 19. fxe3 Qxe3+ 0-1